Երաժշտական այբբենարան : (Record no. 149387)
[ view plain ]
| 000 -LEADER | |
|---|---|
| fixed length control field | 00868ncm a2200217 u 4500 |
| 001 - CONTROL NUMBER | |
| control field | 000394000 |
| 003 - CONTROL NUMBER IDENTIFIER | |
| control field | AM-YeHGA |
| 005 - DATE AND TIME OF LATEST TRANSACTION | |
| control field | 20250618072341.0 |
| 008 - FIXED-LENGTH DATA ELEMENTS--GENERAL INFORMATION | |
| fixed length control field | 041209s1913 ai |||||||||||||||||arm|d |
| 040 ## - CATALOGING SOURCE | |
| Original cataloging agency | AM-YeHGA |
| 041 0# - LANGUAGE CODE | |
| Language code of text/sound track or separate title | arm |
| 080 ## - UNIVERSAL DECIMAL CLASSIFICATION NUMBER | |
| Universal Decimal Classification number | 784.94 |
| 090 ## - LOCALLY ASSIGNED LC-TYPE CALL NUMBER (OCLC); LOCAL CALL NUMBER (RLIN) | |
| -- | 150776 |
| 100 1# - MAIN ENTRY--PERSONAL NAME | |
| Personal name | Մելիքյան, Ռոմանոս Հովակիմի, |
| Dates associated with a name | 1883-1935 |
| 9 (RLIN) | 3341 |
| 245 10 - TITLE STATEMENT | |
| Title | Երաժշտական այբբենարան : |
| Remainder of title | Դասագիրք երգ-ձայնագրութեան / |
| Statement of responsibility, etc. | Ռ. Մելիքեան, Ա. Մանուկեան. |
| 260 ## - PUBLICATION, DISTRIBUTION, ETC. | |
| Place of publication, distribution, etc. | С.-Петербург : |
| Name of publisher, distributor, etc. | тип. Э. фришмутъ и К-о, |
| Date of publication, distribution, etc. | 1913. |
| 300 ## - PHYSICAL DESCRIPTION | |
| Extent | Մաս ; : |
| Other physical details | Նոտա ; |
| Dimensions | 23 սմ. |
| 505 10 - FORMATTED CONTENTS NOTE | |
| Miscellaneous information | Մաս առաջին(1913, 32 էջ, ն) : |
| Title | (Դիատօնիզմ) |
| 650 14 - SUBJECT ADDED ENTRY--TOPICAL TERM | |
| Topical term or geographic name entry element | Երաժշտություն |
| Form subdivision | Դասագիրք |
| 700 1# - ADDED ENTRY--PERSONAL NAME | |
| Personal name | Մանուկեան, Ազատ. |
| Relator term | Կոմպոզիտոր |
| Relationship | cmp |
| Withdrawn status | Lost status | Damaged status | Not for loan | Collection | Home library | Current library | Date acquired | Total checkouts | Full call number | Barcode | Date last seen | Price effective from | Koha item type | Public note |
|---|---|---|---|---|---|---|---|---|---|---|---|---|---|---|
| General | Fundamental Scientific Library | Fundamental Scientific Library | 28/12/2016 | 78(075) | 220050060 | 28/12/2016 | 28/12/2016 | Գրքեր / Books | 30 Days Loan |
ՀՀ Գիտությունների ազգային ակադեմիայի հիմնարար գիտական գրադարան = Fundamental Scientific Library of NAS RA
All site content, except where otherwise noted, is licensed under a